| 000 | 00000nam##2200000za#4500 |
| 001 | 9.639931 |
| 003 | CaOODSP |
| 005 | 20210624222423 |
| 007 | cr ||||||||||| |
| 008 | 150407|1999||||xxc|||||o f|0| 0 fre|d |
| 040 | |aCaOODSP|bfre |
| 043 | |an-cn--- |
| 086 | 1 |aSE1-2/1999-1F-PDF |
| 110 | 1 |aCanada.|bÉlections Canada. |bDirecteur général des élections du Canada. |
| 245 | 10|aRapport du directeur général des élections du Canada sur l'élection partielle dans Windsor-St. Clair |h[ressource électronique] |
| 260 | |aOttawa - Ontario : |bÉlections Canada. |cc1999. |
| 300 | |a23p.|bfigure, graphique, tableaux |
| 500 | |aLe nº de catalogue (SE1-2/1999-1) et l'ISBN (0-662-64296-1) de l'édition imprimée bilingue ont été incorrectement copiés dans cette édition électronique. |
| 520 | 3 |a«Ce rapport au président de la Chambre des communes fait suite à l’élection partielle tenue le 12 avril 1999 dans la circonscription de Windsor–St. Clair. Il présente le déroulement du scrutin ainsi que les activités d’Élections Canada depuis l’élection partielle du 14 septembre 1998 dans Sherbrooke.»--p.8 de 23. |
| 590 | |a12-05-Supp|b2012-03-02 |
| 691 | 07|aÉlection partielle|2gcpds |
| 775 | 08|tReport of the Chief Electoral Officer of Canada following the Windsor-St. Clair by-election |w(CaOODSP)9.695834 |
| 776 | 0#|tReport of the Chief Electoral Officer of Canada following the Windsor-St. Clair by-election.|w(CaOODSP)9.661053 |
| 776 | 0#|tRapport du directeur général des élections du Canada sur l'élection partielle dans Windsor-St. Clair.|w(CaOODSP)9.661054 |
| 856 | 40|ahttp://publications.gc.ca|qPDF|s588 Ko|uhttps://publications.gc.ca/collections/Collection/SE1-2-1999-1F.pdf |
| 986 | |aEC 94312 |